00429nam a22001457a 450000500170000000800410001702000150005804100120007308200120008510000130009724500760011026000470018630000250023365000250025820240809091943.0240809b |||||||| |||| 00| 0 eng d a0702156183 aEnglish a349 SOU lEnglish  aJuta's Index and Annotations to the South African Law Reports 1999-2000 aCape Town: bJuta and Company Ltd, c2001  b582 pages; c25 cm.  aLegal practice bLaw